000 00539nam a2200169Ia 4500
005 20250508160220.0
008 008 250505s9999 xx 000 0 eng d
037 _aBooks to be hide in OPAC
040 _aFEDL
_beng
_cFEDL
041 _aeng
_2eng
084 _a001, BRI
_qFEDL
245 0 _aBotany gardens of the james allen's girls' school, dulwich : Their history and organisation
260 _aLondon, UK
_bHis Majesty's Stationery Office
_c1922
300 _a52p.
942 _cHB
_h001, BRI
999 _c1362730
_d1362730